Score 0/49 Timer 03:00
26 Plays Today
% Correct
Manchester United
95.6%
Manchester City
95.5%
Arsenal
92.6%
West Ham United
91.5%
Chelsea
90%
Newcastle United
89.9%
Liverpool
86.5%
Norwich City
84.8%
Cardiff City
84.3%
Tottenham Hotspur
83.9%
Swansea City
83.4%
Leeds United
82.3%
Leicester City
81.3%
Birmingham City
81%
Sheffield United
79.9%
West Bromwich Albion
78.5%
Hull City
75.6%
Everton
75.1%
Stoke City
74.4%
Bradford City
69.6%
Coventry City
69.6%
Southampton
69.4%
Sunderland
65.5%
Brighton & Hove Albion
64.6%
Aston Villa
63.3%
% Correct
Crystal Palace
61.6%
Ipswich Town
60.3%
Fulham
60.2%
Wolverhampton Wanderers
59.8%
Huddersfield Town
58.6%
Sheffield Wednesday
55.1%
Portsmouth
54.3%
Bournemouth
53.8%
Swindon Town
52.7%
Blackburn Rovers
52%
Bolton Wanderers
51%
Watford
48.9%
Charlton Athletic
47.6%
Wigan Athletic
43.9%
Queens Park Rangers
43.6%
Burnley
43.2%
Derby County
43.1%
Middlesbrough
42%
Oldham Athletic
42%
Nottingham Forest
41.4%
Blackpool
34.4%
Wimbledon
30.2%
Reading
29.6%
Barnsley
24.7%

You're not logged in!

Compare scores with friends on all Sporcle quizzes.
OR
Log In

Sporcle TV

Today on Sporcle TV


Watch our educational content, quiz creation guides, and fun videos on Sporcle TV.

Show Comments

Extras

Top Quizzes Today


Score Distribution

Paid Content

Your Account Isn't Verified!

In order to create a playlist on Sporcle, you need to verify the email address you used during registration. Go to your Sporcle Settings to finish the process.

Report this User

Report this user for behavior that violates our Community Guidelines.

Details: